000 01339nam a22002537a 4500
003 NALT
005 20251225100734.0
008 s2558 th thaeng
020 _a9786162352270
040 _aNALT
041 0 _athaeng
050 _aDS 586
_bภ671พ 2558
100 0 _aชัชพล ไชยพร
_927878
245 1 0 _aพระทรงเป็นยิ่งกว่ามหากษัตริย์ /
_cผู้เรียบเรียง ชัชพล ไชยพร, ศิรธัช ศิริชุมแสง.
260 _aกรุงเทพฯ :
_bอมรินทร์พริ้นติ้งแอนด์พับลิชชิ่ง,
_c2558.
300 _a255 หน้า :
_bภาพประกอบ ;
_c27 ซม.
600 0 4 _aภูมิพลอดุลยเดช,
_cพระบาทสมเด็จพระเจ้าอยู่หัว,
_d2470-
_96254
600 0 4 _aBhumibol Adulyadej,
_cKing of Thailand,
_d1927-
_917237
700 0 _aศิรธัช ศิริชุมแสง
_936201
710 2 _aสำนักนายกรัฐมนตรี.
_bสำนักงานปลัดสำนักนายกรัฐมนตรี
_91010
850 _aNALT
942 _cGB
_2lcc
996 _asaiphon.d
_bCATSTF
_c2025-12-25
999 _c74548
_d74548
998 _j104
_k นางสาวสายฝน ดีงาม